| 000 | 00604ata a2200217 4500 | ||
|---|---|---|---|
| 005 | 20220210101138.0 | ||
| 008 | 150518b xxu||||| |||| 00| 0 spa d | ||
| 041 | _aspa | ||
| 082 | _a621.381.32 C676f | ||
| 100 |
_aCogdell, J _920128 |
||
| 245 | _aFundamentos de circuitos eléctricos | ||
| 260 |
_aMéxico _bPearson _c2000 |
||
| 300 | _a389 páginas | ||
| 650 |
_aCIRCUITOS ELÉCTRICOS _91857 |
||
| 650 |
_aCIRCUITOS CD _920129 |
||
| 650 |
_aCIRCUITOS CA _920130 |
||
| 650 |
_aMOTORES ELÉCTRICOS _917893 |
||
| 650 |
_aPOTENCIA TRIFÁSICA _920131 |
||
| 650 |
_aVOLTAJES DE NODO _920132 |
||
| 942 | _cBK | ||
| 999 |
_c5602 _d5602 |
||